Từ giận dữ đến bình an : cách chế ngự sự giận dữ để sống vị tha và bình an

সংরক্ষণ করুন:
গ্রন্থ-পঞ্জীর বিবরন
প্রধান লেখক:  George, Mike
বিন্যাস: Sách
ভাষা:Undetermined
প্রকাশিত:  Nxb. Tổng hợp Tp.Hồ Chí Minh  2017
বিষয়গুলি:
ট্যাগগুলো: ট্যাগ যুক্ত করুন
কোনো ট্যাগ নেই, প্রথমজন হিসাবে ট্যাগ করুন!
Thư viện lưu trữ: Trung tâm Thư viện - Trường Đại học Công nghiệp TP. Hồ Chí Minh
LEADER 00606nam a2200157Ia 4500
001 UIH_05937
008 231011s9999 xx 000 0 und d
082 |a  152.47 
100 |a  George, Mike 
245 0 |a  Từ giận dữ đến bình an : cách chế ngự sự giận dữ để sống vị tha và bình an 
245 0 |c  George, Mike 
260 |b  Nxb. Tổng hợp Tp.Hồ Chí Minh 
260 |c  2017 
650 |a  Giận dữ; Tha thứ;  
927 |a Sách 
980 |a Trung tâm Thư viện - Trường Đại học Công nghiệp TP. Hồ Chí Minh